000 00330nam a22001217a 4500
020 _a9789694743585
082 _a423.491439
_bQAU
245 _aQaumi English-Urdu Dictionary /
_cEdited by Jameel Jalibi
260 _aIslamabad:
_bMuqtadara Qumi Zuban,
_c2018.
300 _a1975p. ;
_c29 cm.
563 _aHBK.
942 _2ddc
_cBK
999 _c589278
_d589278